Centro Vasco Argentino, Gure Etxea de Tandil: ¿la punta de un gran iceberg?
Guardat en:
| Autor principal: | |
|---|---|
| Format: | Llibre |
| Idioma: | espanyol anglès català |
| Publicat: |
San Sebastián
Eusko Jaurlaritza
2002
|
| Edició: | 2a. ed |
| Col·lecció: | Colección Urazandi Bilduma, 4
|
| Matèries: | |
| Etiquetes: |
Afegir etiqueta
Sense etiquetes, Sigues el primer a etiquetar aquest registre!
|
MARC
| LEADER | 00000nam a2200000 a 4500 | ||
|---|---|---|---|
| 001 | UCL5865 | ||
| 003 | CL-VaPUC | ||
| 008 | 040319e20020000sp |||||||||||||||||spa|d | ||
| 020 | |a 8445719149 | ||
| 041 | 0 | 7 | |a spa |2 CL-VaPUC |
| 041 | 0 | 7 | |a eng |2 CL-VaPUC |
| 041 | 0 | 7 | |a cat |2 CL-VaPUC |
| 082 | 0 | 4 | |a 303.482 |b IRI |2 21 |
| 100 | |a Iriani Zalakain, Marcelino |e author |9 483617 | ||
| 245 | 1 | 0 | |a Centro Vasco Argentino, Gure Etxea de Tandil: ¿la punta de un gran iceberg? |
| 250 | |a 2a. ed | ||
| 300 | |a 189 p | ||
| 942 | |c BK | ||
| 945 | |d 20040319 00:00:00 |a cmena | ||
| 260 | |a San Sebastián |b Eusko Jaurlaritza |c 2002 | ||
| 600 | 0 | 7 | |a COMUNIDAD VASCA |2 CL-VaPUC |9 483581 |
| 650 | 0 | |a Influencia social |9 309315 | |
| 650 | 0 | |a Emigración |9 343094 | |
| 650 | 0 | |a Cambio social |9 256857 | |
| 650 | 0 | |a Costumbres y tradiciones |9 268292 | |
| 650 | 0 | |a Desarrollo económico y social |9 256320 | |
| 651 | 0 | |a Argentina |9 254888 | |
| 583 | |a last modification |c 20150507 04:10:55 |k Rodrigo Vera | ||
| 490 | 0 | |a Colección Urazandi Bilduma, 4 | |
| 999 | |c 308245 |d 308243 | ||
| 952 | |0 0 |1 0 |4 0 |6 303_482000000000000_IRI_2002 |7 0 |8 A |9 374589 |a BIBHIS |b BIBHIS |d 2019-11-21 |i 3987965 |o 303.482 IRI 2002 |p 3987965 |r 2025-01-20 |w 2019-11-21 |y BK |k HIS | ||